Động từ, dạng và thì của động từ trong tiếng Anh = Verbs, Verb forms and verb tense in English

Đã lưu trong:
书目详细资料
主要作者: Nguyễn, Thanh Trí
格式: 图书
语言:Undetermined
出版: Thanh Hoá Nhà xuất bản Thanh Hóa 2007
主题:
标签: 添加标签
没有标签, 成为第一个标记此记录!
Thư viện lưu trữ: Trung tâm Học liệu Trường Đại học Cần Thơ
LEADER 00672nam a2200205Ia 4500
001 CTU_131129
008 210402s9999 xx 000 0 und d
020 |c 15000 
082 |a 425 
082 |b Tr300 
100 |a Nguyễn, Thanh Trí 
245 0 |a Động từ, dạng và thì của động từ trong tiếng Anh = 
245 0 |b Verbs, Verb forms and verb tense in English 
245 0 |c Nguyễn Thanh Trí, Nguyễn Phương Vi 
260 |a Thanh Hoá 
260 |b Nhà xuất bản Thanh Hóa 
260 |c 2007 
650 |a English language-Verb 
904 |i Hiếu 
980 |a Trung tâm Học liệu Trường Đại học Cần Thơ